000 00294nam a2200121Ia 4500
008 241015s9999 xx 000 0 und d
041 _aeng
082 _a650.14 REI
100 _aReiman
245 _aSoft Skills For Dummies
260 _bWiley India
_aNew Delhi
_c2023
300 _a188;. P. 23 cm
999 _c41868
_d41868